| 000 | 01165cam a22003377a 4500 | ||
|---|---|---|---|
| 003 | CHAP | ||
| 005 | 20220329143015.0 | ||
| 008 | 050720d1999 mx r 00110 spa d | ||
| 010 | _a90562 | ||
| 011 | _a91534 | ||
| 020 | _a968741586X | ||
| 035 | _a102093 | ||
| 040 | _cCHAP | ||
| 082 | 0 | 4 |
_a574.52 _bS3Y 1999 |
| 100 | 0 | 0 |
_aSayre, Don. _9102833 |
| 245 | 1 | 0 |
_aDentro de ISO 14000 : _bla ventaja competitiva de la gestión ambiental _c/por Don Sayre |
| 250 | _a2 ed. | ||
| 260 |
_aMéxico, D. F. : _bCastillo, _c1999. |
||
| 300 | _a191 p. | ||
| 590 |
_aBATCH-UPD _b10 _c20130110 _lUCH01 _h0521 |
||
| 590 |
_aCONVERSION _b10 _c20130109 _lUCH01 _h1350 |
||
| 650 | 1 | 4 |
_aCalidad _xControl de la. _917484 |
| 650 | 1 | 4 |
_aCalidad _xNormas. _917489 |
| 650 | 1 | 4 |
_aMedio ambiente _xNormas de calidad. _974103 |
| 901 | _aBK | ||
| 905 | _aLilia | ||
| 942 | _cLIBRO | ||
| 949 |
_a574.52 S3Y 1999 _bBC _cLIBRO _d33724000975009 _eLIBRO _gI.c/e _h106206 _i102093 _sb _t$175.00 |
||
| 949 |
_a574.52 S3Y 1999 _bBC _cLIBRO _d33724000975066 _eLIBRO _fc.3 _gI.c/e _h106208 _i102093 _sb _t$175.00 |
||
| 949 |
_a574.52 S3Y 1999 _bBC _cLIBRO _d33724000975124 _eLIBRO _fc.2 _gI.c/e _h106207 _i102093 _sb _t$175.00 |
||
| 999 |
_c90562 _d90562 |
||